Variedades de mosaicos /
Guardado en:
| Autor Principal: | |
|---|---|
| Autor Corporativo: | |
| Formato: | Libro |
| Idioma: | Spanish |
| Publicado: |
[México :
Instituto Politécnico Nacional],
1982.
|
| Etiquetas: |
Agregar Etiqueta
Sin Etiquetas, Sea el primero en etiquetar este registro!
|
| LEADER | 00715nam a22001695a 4500 | ||
|---|---|---|---|
| 001 | MAT.inmabb004108 | ||
| 008 | 061206s1982####mx#a#####b####000#0#spa#d | ||
| 005 | 20170622163431.0 | ||
| 245 | 1 | 0 | |a Variedades de mosaicos / |c José Ma. Montesinos Amilibia. |
| 260 | |a [México : |b Instituto Politécnico Nacional], |c 1982. | ||
| 300 | |a iv, 174 p. : |b il. ; |c 23 cm. + |e 3 h. de errata. | ||
| 500 | |a "Sexta Escuela Latinoamericana de Matemática, Oaxtepec, Morelos, julio de 1982". | ||
| 504 | |a Incluye referencias bibliográficas. | ||
| 100 | 1 | |a Montesinos, José María, |d 1944- | |
| 711 | 2 | |a Escuela Latinoamericana de Matemáticas |n (6ª : |d 1982 : |c Oaxtepec, México) | |
| 084 | |a 52C20 |2 msc2000 | ||
| 859 | |h 52 |i M779 |p A-5857 |b BIB. MATEMATICA | ||
